The U.S. Experience with No-Fault Automobile Insurance (Record no. 352729)
[ view plain ]
| 000 -LEADER | |
|---|---|
| fixed length control field | 00651nam a2200133Ia 4500 |
| 008 - FIXED-LENGTH DATA ELEMENTS--GENERAL INFORMATION | |
| fixed length control field | 171212s9999 xx 000 0 und d |
| 020 ## - INTERNATIONAL STANDARD BOOK NUMBER | |
| International Standard Book Number | 9780833049162 |
| 100 ## - MAIN ENTRY--PERSONAL NAME | |
| Personal name | Anderson, James M.;Heaton, Paul;Carroll, Stephen J. |
| 245 ## - TITLE STATEMENT | |
| Statement of responsibility, etc | Anderson, James M.;Heaton, Paul;Carroll, Stephen J. |
| Title | The U.S. Experience with No-Fault Automobile Insurance |
| Remainder of title | A Retrospective |
| 260 ## - PUBLICATION, DISTRIBUTION, ETC. (IMPRINT) | |
| Name of publisher, distributor, etc | RAND Corporation |
| Date of publication, distribution, etc | 2010 |
| 650 ## - SUBJECT ADDED ENTRY--TOPICAL TERM | |
| Topical term or geographic name as entry element | Business |
| 650 ## - SUBJECT ADDED ENTRY--TOPICAL TERM | |
| Topical term or geographic name as entry element | No-fault automobile insurance -- Law and legislation -- United States; No-fault automobile insurance -- United States; Liability for traffic accidents -- United States |
| 856 ## - ELECTRONIC LOCATION AND ACCESS | |
| Uniform Resource Identifier | <a href="www.jstor.org/stable/10.7249/mg860icj">www.jstor.org/stable/10.7249/mg860icj</a> |
| Withdrawn status | Lost status | Damaged status | Home library | Current library | Date acquired | Total Checkouts | Full call number | Date last seen | Price effective from | Koha item type |
|---|---|---|---|---|---|---|---|---|---|---|
| College Library | College Library | 12/12/2017 | KF1219.5.A96 2010 | 12/12/2017 | 12/12/2017 | Curriculum - Based eBooks |